FIFA Ultimate Team Legends - Statistics

General Stats
  • This quiz has been taken 1,188 times
    898 since last reset
  • The average score is 25 of 67
Answer Stats
Hint Answer % Correct
Brazil- 95 Pele
98%
Italy- 92 Paolo Maldini
74%
Germany- 93 Franz Beckenbauer
67%
Netherlands- 90 Ruud Gullit
61%
Northern Ireland- 90 George Best
60%
Liberia- 89 George Weah
60%
Netherlands- 91 Marco Van Basten
59%
Portugal- 90 Luis Figo
55%
Denmark- 88 Brian Laudrup
54%
Denmark- 89 Michael Laudrup
54%
Wales- 89 Ryan Giggs
54%
Czech Republic- 89 Pavel Nedved
53%
Republic of Ireland- 88 Roy Keane
52%
Denmark- 90 Peter Schmeichel
51%
Germany- 91 Lothar Matthaus
50%
Romania- 89 Gheorghe Hagi
48%
Ukraine- 88 Andriy Shevchenko
47%
Bulgaria- 90 Hristo Stoichkov
47%
Italy- 92 Franco Baresi
46%
Brazil- 88 Roberto Carlos
46%
Nigeria- 87 Jay-Jay Okocha
45%
United States of America- 86 Landon Donovan
42%
Croatia- 88 Davor Suker
41%
Italy- 90 Alessandro Nesta
39%
Sweden- 87 Henrik Larsson
39%
England- 89 Alan Shearer
38%
Netherlands- 89 Edwin Van Der Sar
38%
Italy- 89 Fabio Cannavaro
37%
England- 89 Gary Lineker
37%
England- 88 Michael Owen
37%
Portugal- 87 Deco
35%
Netherlands- 90 Dennis Bergkamp
35%
Finland- 88 Jari Litmanen
35%
Portugal- 88 Rui Costa
35%
Netherlands- 90 Ruud Van Nistelrooy
35%
England- 88 Bobby Moore
33%
Argentina- 87 Hernan Crespo
33%
France- 89 Marcel Desailly
33%
Spain- 90 Emilio Butragueno
31%
Brazil- 90 Romario
31%
United States of America- 86 Alexi Lalas
30%
Colombia- 86 Carlos Valderrama
30%
Spain- 89 Fernando Hierro
30%
France- 88 Patrick Vieira
30%
France- 89 Laurent Blanc
29%
England- 86 Sol Campbell
29%
Italy- 87 Christian Vieri
28%
Italy- 87 Filipo Inzaghi
28%
Netherlands- 88 Frank Rijkaard
27%
England- 86 Gary Neville
27%
Argentina- 88 Javier Zanetti
26%
France- 88 Robert Pires
26%
Netherlands- 88 Patrick Kluivert
25%
England- 88 David Seaman
24%
Italy- 87 Gianfranco Zola
21%
Netherlands- 86 Frank De Boer
20%
Sweden- 86 Fredrik Ljungberg
20%
Italy- 87 Gennaro Gattuso
20%
Germany- 88 Jens Lehmann
19%
England- 86 Teddy Sheringham
19%
Germany- 87 Andreas Brehme
18%
England- 86 Robbie Fowler
18%
Portugal- 87 Paulo Futre
17%
Portugal- 87 Pauleta
16%
Germany- 87 Oliver Bierhoff
14%
Portugal- 87 Vitor Baia
14%
Germany- 86 Stefan Effenberg
12%
No matching quizzes found
Score Distribution
Percent of People with Each Score
Percentile by Number Answered
Your Score History
You have not taken this quiz since the last reset